Return to the stars: evidence for the impossible
Saved in:
| Hovedforfatter: | |
|---|---|
| Format: | Bog |
| Sprog: | engelsk |
| Udgivet: |
Londres
Corgi Books
1972
|
| Fag: | |
| Tags: |
Tilføj Tag
Ingen Tags, Vær først til at tagge denne postø!
|
MARC
| LEADER | 00000cam a2200000 a 4500 | ||
|---|---|---|---|
| 001 | UCF6272 | ||
| 003 | CL-VaPUC | ||
| 008 | 130418e19720000UK |||||||||||||||||eng|d | ||
| 020 | |a 0552090832 | ||
| 082 | 0 | 4 | |a 999 |b DAN |2 21 |
| 100 | |a Daniken, Erich von |e author |9 568278 | ||
| 245 | 1 | 0 | |a Return to the stars: evidence for the impossible |
| 300 | |a 190 p | ||
| 942 | |c BK | ||
| 945 | |d 20130418 00:00:00 |a dcastane | ||
| 260 | |a Londres |b Corgi Books |c 1972 | ||
| 650 | 0 | |a Arqueología |9 265619 | |
| 650 | 0 | |a Historia |9 255047 | |
| 650 | 7 | |a CIVILIZACIONES EXTRATERRESTRES |2 CL-VaPUC |9 568277 | |
| 650 | 7 | |a OVNI |2 CL-VaPUC |9 425100 | |
| 650 | 7 | |a EXPLORACION ESPACIAL |2 CL-VaPUC |9 372408 | |
| 583 | |a last modification |c 20130418 10:21:00 |k Rodrigo Vera | ||
| 999 | |c 351544 |d 351542 | ||
| 952 | |0 0 |1 0 |4 0 |6 999_000000000000000_DAN_1972 |7 0 |8 A |9 455725 |a BIBEDU |b BIBEDU |d 2019-11-22 |i 4947479 |o 999 DAN 1972 |p 4947479 |r 2019-11-22 |w 2019-11-22 |y BK |k LIT | ||